Riconosci il Pokémon - Quiz n°366 - Statistics

Statistiche generali
  • Questo quiz è stato fatto 0 volte
  • Il punteggio medio è 0 su 10
Statistiche sulle risposte
Indizio Risposta % Corretto
Altezza 1,0 m
0%
Tasso di cattura 255 (43.9%)
0%
Peso 28,0 kg
0%
Sesso 50% ♂, 50% ♀
0%
Abilità Assorbacqua; Clorofilla; Acquascalo
0%
Tipo Erba
0%
Pokémon Maractus
0%
Tasso di allevamento Medio-Veloce
0%
Stadio evoluzione Non si evolve
0%
Generazione Quinta
0%
Nessun quiz corrispondente trovato
Distribuzione punteggi
Percentuale di utenti per punteggio
Percentile per numero di risposta
I tuoi punteggi nel tempo
Non hai fatto questo quiz